Estrategia comercial chilena para la década del 90: elementos para el debate
Saved in:
| Hovedforfatter: | |
|---|---|
| Andre forfattere: | |
| Format: | Bog |
| Sprog: | spansk |
| Udgivet: |
Santiago
CIEPLAN
1992
|
| Fag: | |
| Tags: |
Tilføj Tag
Ingen Tags, Vær først til at tagge denne postø!
|
MARC
| LEADER | 00000nam a2200000 a 4500 | ||
|---|---|---|---|
| 001 | UCX6512 | ||
| 003 | CL-VaPUC | ||
| 008 | 930712e19920000CL |||||||||||||||||spa|d | ||
| 082 | 0 | 4 | |a 382.309 |b BUL |2 21 |
| 100 | 0 | |a Butelmann, Andrea |e author |9 323016 | |
| 700 | |a Meller Bock, Patricio |e autor |9 603136 | ||
| 245 | 1 | 0 | |a Estrategia comercial chilena para la década del 90: elementos para el debate |
| 300 | |a 381 p | ||
| 942 | |c BK | ||
| 945 | |d 19930712 00:00:00 | ||
| 260 | |a Santiago |b CIEPLAN |c 1992 | ||
| 650 | 7 | |a EXPORTACIONES |2 CL-VaPUC |9 255382 | |
| 650 | 0 | |a Libre comercio |9 323018 | |
| 650 | 7 | |a REGULACION DEL COMERCIO EXTERIOR |2 CL-VaPUC |9 323019 | |
| 650 | 0 | |a Política comercial |9 259070 | |
| 651 | 7 | |a CHILE |2 CL-VaPUC |9 323020 | |
| 583 | |a last modification |c 19930712 00:00:00 |k Rodrigo Vera | ||
| 999 | |c 226517 |d 226515 | ||
| 952 | |0 0 |1 0 |4 0 |6 382_309000000000000_BUL_1992 |7 0 |8 A |9 224946 |a BIBENE |b BIBENE |d 2019-11-15 |i 2936658 |o 382.309 BUL 1992 |p 2936658 |r 2025-01-15 |w 2019-11-15 |y BK |k ICO | ||
| 952 | |0 0 |1 0 |4 0 |6 382_309000000000000_BUL_1992 |7 0 |8 A |9 224947 |a BIBENE |b BIBENE |d 2019-11-15 |i 2936666 |o 382.309 BUL 1992 |p 2936666 |r 2025-01-15 |w 2019-11-15 |y BK |k ICO | ||